[Event "38th Greek Team Championship"]
[Site "Olympic Boxing Center, Periste"]
[Date "2010.07.06"]
[Round "2.3"]
[White "Argiroudis, Stamatis"]
[Black "Sandalakis, Angelos"]
[Result "1/2-1/2"]
[WhiteElo "2315"]
[BlackElo "2343"]
[PlyCount "106"]
[EventDate "2010.07.05"]
[WhiteTeam "OS TRIANDRIAS"]
[BlackTeam "SAS KOROPIOU"]

1. d4 Nf6 2. Nf3 e6 3. g3 b6 4. Bg2 Bb7 5. O-O Be7 6. Bg5 O-O 7. Nbd2 c5 8.
dxc5 bxc5 9. c3 d5 10. Qa4 Nbd7 11. Rfd1 h6 12. Bxf6 Nxf6 13. e3 Qb6 14. c4
Rab8 15. cxd5 exd5 16. Qa3 Rfe8 17. Qc3 Ne4 18. Nxe4 dxe4 19. Nd2 Bf6 20. Qb3
Qc7 21. Qa3 Rbd8 22. Nc4 Bd5 23. Qa4 Re6 24. Rab1 Be7 25. Bh3 Rf6 26. Qc2 Ra6
27. b3 g6 28. Bf1 Re6 29. Rd2 Bb7 30. Rbd1 Rxd2 31. Qxd2 Bf8 32. Qd7 Re7 33.
Qxc7 Rxc7 34. Rd8 Kg7 35. Nd6 Bc6 36. Bc4 Be7 37. Ne8+ Kf8 38. Rb8 Rb7 39. Rxb7
Bxb7 40. Nc7 Bd6 41. Nb5 Bb8 42. h4 Ke7 43. Nc3 f5 44. Nd5+ Kd6 45. Nf4 g5 46.
hxg5 hxg5 47. Ne6 g4 48. Nf4 Ke7 49. Kf1 Bc7 50. Nd5+ Bxd5 51. Bxd5 Kd6 52. Bc4
Ba5 53. a4 Ke5 1/2-1/2

[Event "38th Greek Team Championship"]
[Site "Olympic Boxing Center, Periste"]
[Date "2010.07.06"]
[Round "2.3"]
[White "Khetsuriani, Besarion"]
[Black "Ilandzis, Spyridon"]
[Result "1/2-1/2"]
[WhiteElo "2357"]
[BlackElo "2200"]
[PlyCount "114"]
[EventDate "2010.07.05"]
[WhiteTeam "SAS KOROPIOU"]
[BlackTeam "OS TRIANDRIAS"]

1. Nf3 Nf6 2. c4 e6 3. g3 b6 4. Bg2 Bb7 5. O-O c5 6. Nc3 Be7 7. d4 cxd4 8. Qxd4
d6 9. Bg5 a6 10. Bxf6 Bxf6 11. Qd3 Be7 12. Rad1 Nd7 13. Ne4 Bxe4 14. Qxe4 Rc8
15. Nd4 Rxc4 16. Nxe6 Rxe4 17. Nxd8 Rxe2 18. Nc6 Ne5 19. Nxe7 Kxe7 20. Rfe1
Rxe1+ 21. Rxe1 Kd8 22. f4 Nd7 23. Rd1 Ke7 24. Re1+ Kd8 25. Rd1 Ke7 26. Rc1 Rd8
27. Rc7 f5 28. Bd5 a5 29. a3 g6 30. Kf2 Ke8 31. Ke3 Nf6 32. Kd4 Nd7 33. b4 axb4
34. axb4 Ke7 35. h3 Kf6 36. Rb7 h6 37. Bc6 Nf8 38. Rxb6 g5 39. Bd5 gxf4 40.
gxf4 Ng6 41. Ke3 Ne7 42. Bc4 Ng6 43. b5 Re8+ 44. Kf3 Re4 45. Rxd6+ Kg7 46. Rd7+
Kh8 47. Bd3 Rxf4+ 48. Ke3 Rb4 49. Bxf5 Ne5 50. Rd5 Nc4+ 51. Kf3 Na3 52. Bd3 Kg7
53. Rf5 Rb3 54. Ke3 Nxb5 55. Rxb5 Rxb5 56. Bxb5 Kf6 57. Ke2 Ke5 1/2-1/2

[Event "38th Greek Team Championship"]
[Site "Olympic Boxing Center, Periste"]
[Date "2010.07.06"]
[Round "2.3"]
[White "Savoglou, Nikolaos"]
[Black "Psomiadis, Stavros"]
[Result "1/2-1/2"]
[WhiteElo "1933"]
[BlackElo "2195"]
[PlyCount "163"]
[EventDate "2010.07.05"]
[WhiteTeam "SAS KOROPIOU"]
[BlackTeam "OS TRIANDRIAS"]

1. d4 d6 2. c4 e5 3. dxe5 dxe5 4. Qxd8+ Kxd8 5. Nc3 c6 6. Nf3 f6 7. e4 Be6 8.
Be3 Nd7 9. Rd1 Kc7 10. a3 Ne7 11. Nd2 Ng6 12. g3 Be7 13. Be2 Rhd8 14. Na4 Nb6
15. Nxb6 axb6 16. Nb1 Bc5 17. Rxd8 Rxd8 18. Nd2 Bxe3 19. fxe3 Nf8 20. Kd1 Bf7
21. Kc2 Ne6 22. b4 Bg6 23. h4 h6 24. Bg4 Nf8 25. Kc3 Bf7 26. Rf1 Ra8 27. Ra1
Kd6 28. Kb3 b5 29. Kc3 bxc4 30. Nxc4+ Bxc4 31. Kxc4 b5+ 32. Kb3 Kc7 33. Rc1 Rd8
34. Kc3 Ng6 35. Bd1 Kb6 36. Bh5 Ne7 37. Bg4 c5 38. bxc5+ Kxc5 39. Kb3+ Kb6 40.
Rd1 Rxd1 41. Bxd1 Kc5 42. Be2 Nc6 43. Kc3 Na5 44. Bd3 Nb7 45. Be2 Nd6 46. Bd3
g6 47. g4 Nc8 48. Be2 Ne7 49. Bd3 Kb6 50. a4 bxa4 51. Kb4 h5 52. gxh5 gxh5 53.
Kxa4 Ng6 54. Be2 Kc5 55. Kb3 Nxh4 56. Bxh5 Ng2 57. Kc3 Nxe3 58. Kd3 Ng2 59. Bf7
Kb4 60. Bg8 Nf4+ 61. Ke3 Kc3 62. Bh7 Ne6 63. Bf5 Nd4 64. Bh7 Nc2+ 65. Kf3 Kd4
66. Kg4 Ne3+ 67. Kh5 Nc4 68. Kg6 Nd6 69. Kxf6 Nxe4+ 70. Kg6 Ke3 71. Bg8 Kf4 72.
Bd5 Nc3 73. Ba8 Ke3 74. Kf5 Kd4 75. Bh1 Nd5 76. Kg4 Nf6+ 77. Kf5 Nh5 78. Ba8
Nf4 79. Bh1 Nd3 80. Ba8 Nf2 81. Bb7 e4 82. Bxe4 1/2-1/2

[Event "38th Greek Team Championship"]
[Site "Olympic Boxing Center, Periste"]
[Date "2010.07.06"]
[Round "2.3"]
[White "Dimitriadi, Aspasia"]
[Black "Petraki, Maria"]
[Result "1/2-1/2"]
[WhiteElo "1895"]
[BlackElo "2067"]
[PlyCount "68"]
[EventDate "2010.07.05"]
[WhiteTeam "OS TRIANDRIAS"]
[BlackTeam "SAS KOROPIOU"]

1. d4 Nf6 2. c4 e6 3. Nf3 b6 4. a3 Bb7 5. Nc3 d5 6. cxd5 Nxd5 7. e3 g6 8. Bb5+
c6 9. Bc4 Bg7 10. O-O O-O 11. Qb3 Nxc3 12. bxc3 Qc7 13. Be2 c5 14. Bb2 Nc6 15.
Rac1 Rfd8 16. Rfd1 e5 17. dxc5 bxc5 18. Nd2 Na5 19. Qc2 c4 20. a4 Bf8 21. Rb1
Be7 22. Bf3 Rab8 23. Qc1 Bxf3 24. Nxf3 Rxd1+ 25. Qxd1 Rd8 26. Qe2 Qd6 27. Re1
f6 28. Bc1 Qd3 29. e4 Qxe2 30. Rxe2 Rd3 31. Re3 Rd1+ 32. Re1 Rd3 33. Re3 Rd1+
34. Re1 Rd3 1/2-1/2

[Event "38th Greek Team Championship"]
[Site "Olympic Boxing Center, Periste"]
[Date "2010.07.06"]
[Round "2.3"]
[White "Androni, Konstantina"]
[Black "Vafiadou, Asimenia"]
[Result "1-0"]
[WhiteElo "1870"]
[BlackElo "1624"]
[PlyCount "67"]
[EventDate "2010.07.05"]
[WhiteTeam "SAS KOROPIOU"]
[BlackTeam "OS TRIANDRIAS"]

1. d4 Nf6 2. c4 e6 3. Nf3 c5 4. d5 exd5 5. cxd5 d6 6. Nc3 g6 7. e4 Bg4 8. Bd3
a6 9. O-O Bg7 10. h3 Bxf3 11. Qxf3 b5 12. Bf4 O-O 13. Rfe1 Nh5 14. Bh2 Re8 15.
Rad1 Qc7 16. e5 dxe5 17. d6 Qa7 18. Be4 Nd7 19. Bxa8 Rxa8 20. Nd5 Re8 21. g4
Nhf6 22. Ne7+ Kf8 23. Nc6 Qa8 24. Nxe5 Qxf3 25. Nxf3 Rxe1+ 26. Rxe1 Nd5 27. Ne5
N5b6 28. Nxd7+ Nxd7 29. Re7 Nf6 30. Ra7 Ke8 31. Be5 g5 32. Rxa6 Kd8 33. d7 Ke7
34. Bxf6+ 1-0

[Event "38th Greek Team Championship"]
[Site "Olympic Boxing Center, Periste"]
[Date "2010.07.06"]
[Round "2.3"]
[White "Koutsoura, Georgia"]
[Black "Androni, Dimitra"]
[Result "1-0"]
[WhiteElo "1318"]
[BlackElo "1492"]
[PlyCount "119"]
[EventDate "2010.07.05"]
[WhiteTeam "OS TRIANDRIAS"]
[BlackTeam "SAS KOROPIOU"]

1. d4 f5 2. Nf3 Nf6 3. Bf4 g6 4. e3 Bg7 5. Nbd2 O-O 6. h3 d6 7. Be2 Nc6 8. O-O
Qe8 9. Re1 e5 10. dxe5 dxe5 11. Bh2 e4 12. Nd4 Ne5 13. Nc4 Nfd7 14. c3 Kh8 15.
Nb5 Qf7 16. Nxc7 Rb8 17. Nxe5 Nxe5 18. Nb5 Be6 19. a3 g5 20. Rf1 f4 21. Nd6 Qe7
22. Nxe4 Rbd8 23. Qc1 Bd5 24. Qc2 Rde8 25. Nd2 fxe3 26. fxe3 Qc5 27. Rxf8+ Rxf8
28. Nf1 Bh6 29. Bxe5+ Kg8 30. Bd4 Qc6 31. Bd3 Rf7 32. Re1 Qe6 33. Re2 g4 34.
hxg4 Qxg4 35. Rf2 Re7 36. Qe2 Qe6 37. Bf5 Qc6 38. Qg4+ Bg7 39. Qh5 Bh6 40. Qg4+
Bg7 41. Qh4 Bf8 42. Qg3+ Bg7 43. Rf4 b6 44. Rh4 Kf8 45. Qf4 Ke8 46. Bxg7 Rxg7
47. Qe5+ Kf8 48. Rg4 Rxg4 49. Bxg4 Bxg2 50. Qh8+ Ke7 51. Qxh7+ Kf8 52. Qh8+ Ke7
53. Qg7+ Kd8 54. Qf8+ Kc7 55. Qe7+ Kb8 56. Bd7 Qc4 57. Kxg2 Qe2+ 58. Kg1 a5 59.
Qd6+ Ka7 60. Bc8 1-0

[Event "38th Greek Team Championship"]
[Site "Olympic Boxing Center, Periste"]
[Date "2010.07.06"]
[Round "2.3"]
[White "Adamos, Thomas"]
[Black "Neroulidis, Mihalis"]
[Result "0-1"]
[WhiteElo "1792"]
[BlackElo "1762"]
[PlyCount "106"]
[EventDate "2010.07.05"]
[WhiteTeam "SAS KOROPIOU"]
[BlackTeam "OS TRIANDRIAS"]

1. e4 e5 2. Nf3 Nf6 3. d4 Nxe4 4. Bd3 d5 5. dxe5 Nc5 6. Nc3 c6 7. O-O Nxd3 8.
Qxd3 Be7 9. Nd4 O-O 10. f4 f5 11. Kh1 Na6 12. Bd2 Nb4 13. Qf3 c5 14. Ndb5 d4
15. Ne2 Nxc2 16. Qb3+ Kh8 17. Qxc2 d3 18. Qd1 dxe2 19. Qxe2 a6 20. Nc3 Be6 21.
Rad1 Qc7 22. Be3 Rfd8 23. Rxd8+ Rxd8 24. Rd1 b5 25. Rxd8+ Qxd8 26. a4 Bc4 27.
Qc2 b4 28. Ne2 Qd3 29. Qxd3 Bxd3 30. Nc1 Bc2 31. a5 Kg8 32. Kg1 Kf7 33. Kf2 Ke6
34. Ke2 Kd5 35. Nd3 c4 36. Ne1 Be4 37. Nf3 h6 38. g3 c3 39. bxc3 bxc3 40. Ne1
Bb4 41. Kd1 Bxa5 42. Nc2 Kc4 43. Kc1 Bd8 44. Nd4 Be7 45. Ne6 Ba3+ 46. Kd1 c2+
47. Ke2 c1=Q 48. Bxc1 Bxc1 49. Nc7 a5 50. e6 Ba3 51. Ne8 Bf8 52. Nxg7 Bxg7 53.
e7 Bc6 0-1

[Event "38th Greek Team Championship"]
[Site "Olympic Boxing Center, Periste"]
[Date "2010.07.06"]
[Round "2.3"]
[White "Konstantinidis, Konstantinos"]
[Black "Drakakis, Georgios"]
[Result "0-1"]
[WhiteElo "2000"]
[BlackElo "1758"]
[PlyCount "104"]
[EventDate "2010.07.05"]
[WhiteTeam "OS TRIANDRIAS"]
[BlackTeam "SAS KOROPIOU"]

1. d4 Nf6 2. c4 g6 3. Nc3 Bg7 4. e4 d6 5. Be2 O-O 6. g4 Nbd7 7. g5 Ne8 8. h4 c5
9. d5 e6 10. h5 exd5 11. exd5 Qe7 12. Nf3 Ne5 13. Nxe5 Bxe5 14. Be3 Ng7 15. Qd2
Nf5 16. O-O-O a6 17. Bf4 b5 18. Bxe5 Qxe5 19. cxb5 axb5 20. Bxb5 Nd4 21. Rde1
Qf5 22. Bd3 Qd7 23. Qf4 Nf5 24. Ne4 Qb7 25. Nf6+ Kg7 26. hxg6 Rxa2 27. Rxh7+
Kxg6 28. Rh6+ Kg7 29. Rh7+ Kg6 30. Re2 Qb3 31. Rh6+ Kg7 32. Rh7+ Kg6 33. Bb1
Ra4 34. Rh6+ Kg7 35. Rh7+ Kg6 36. Re4 Ra1 37. Qd2 Nd4 38. Rh6+ Kg7 39. Rh7+ Kg6
40. Reh4+ Rxb1+ 41. Kxb1 Bf5+ 42. Kc1 Qc4+ 43. Kd1 Qf1+ 44. Qe1 Bc2+ 45. Kd2
Nf3+ 46. Ke3 Qxe1+ 47. Kxf3 Kxg5 48. R7h6 Bd1+ 49. Kg2 Rb8 50. Nh7+ Kf5 51.
Rf6+ Ke5 52. Rhf4 Rg8+ 0-1

[Event "38th Greek Team Championship"]
[Site "Olympic Boxing Center, Periste"]
[Date "2010.07.06"]
[Round "2.3"]
[White "Gkougkousis, Nikolaos"]
[Black "Palaskos, Marios"]
[Result "0-1"]
[WhiteElo "1657"]
[BlackElo "1576"]
[PlyCount "56"]
[EventDate "2010.07.05"]
[WhiteTeam "SAS KOROPIOU"]
[BlackTeam "OS TRIANDRIAS"]

1. e4 d5 2. exd5 Qxd5 3. Nc3 Qd6 4. d3 Nf6 5. Be2 a6 6. h3 e5 7. Nf3 Be7 8. Be3
Nc6 9. a3 h6 10. Qd2 Be6 11. Nh2 Nd5 12. Ne4 Qd7 13. Bc5 O-O-O 14. Be3 Nxe3 15.
fxe3 f5 16. Nf2 Bc5 17. b4 Bb6 18. Nd1 Qe7 19. Bf1 Rhf8 20. c3 Qh4+ 21. Ke2 e4
22. Nb2 exd3+ 23. Nxd3 Bc4 24. Nf3 Qe4 25. Nfe1 Ne5 26. Rd1 Nxd3 27. Nxd3 Rxd3
28. Qxd3 Qxe3# 0-1

[Event "38th Greek Team Championship"]
[Site "Olympic Boxing Center, Periste"]
[Date "2010.07.06"]
[Round "2.3"]
[White "Papavlasopoulos, Dimitrios"]
[Black "Kopalidis, Miltiadis"]
[Result "1-0"]
[WhiteElo "1433"]
[BlackElo "1538"]
[PlyCount "54"]
[EventDate "2010.07.05"]
[WhiteTeam "OS TRIANDRIAS"]
[BlackTeam "SAS KOROPIOU"]

1. d4 Nf6 2. c4 e6 3. Nc3 Bb4 4. a3 Bxc3+ 5. bxc3 Ne4 6. Qc2 f5 7. e3 b6 8. Bd3
Bb7 9. Ne2 O-O 10. O-O d6 11. f3 Nf6 12. Bd2 Nbd7 13. Ng3 Qe7 14. e4 fxe4 15.
fxe4 e5 16. Rf3 Ng4 17. Nf5 Qe8 18. Rg3 Ngf6 19. Bh6 g6 20. Bxf8 Qxf8 21. Rf1
Kh8 22. Nh4 Qe7 23. Qe2 Rg8 24. Nf3 Rg7 25. Ng5 Nf8 26. Qf3 N8d7 27. d5 Nh5 1-0

[Event "38th Greek Team Championship"]
[Site "Olympic Boxing Center, Periste"]
[Date "2010.07.06"]
[Round "2.4"]
[White "Stavrianakis, Ioannis"]
[Black "Zygouris, Hristos"]
[Result "1/2-1/2"]
[WhiteElo "2249"]
[BlackElo "2252"]
[PlyCount "81"]
[EventDate "2010.07.05"]
[WhiteTeam "SO IRAKLIOU"]
[BlackTeam "ESKA"]

1. d4 d5 2. Nf3 Nf6 3. c4 dxc4 4. Nc3 a6 5. a4 Nc6 6. e3 Bg4 7. Bxc4 e6 8. h3
Bh5 9. O-O Bb4 10. Bd2 Qe7 11. Be2 O-O 12. Ne5 Bxe2 13. Nxc6 Bxd1 14. Nxe7+
Bxe7 15. Rfxd1 c5 16. dxc5 Bxc5 17. Rac1 Rac8 18. Kf1 Rfd8 19. Ke2 Kf8 20. Na2
Ne4 21. Be1 Rxd1 22. Rxd1 Be7 23. Nc3 Nd6 24. f3 Ke8 25. e4 Nc4 26. b3 Ne5 27.
Rc1 Ba3 28. Rc2 Bb4 29. Rc1 Nc6 30. Na2 Nd4+ 31. Kd1 Rxc1+ 32. Nxc1 Bxe1 33.
Kxe1 e5 34. Kd2 Kd7 35. Kc3 f6 36. b4 Kc6 37. Nd3 b5 38. a5 Ne6 39. Kd2 Kd6 40.
Ke3 Kc6 41. g3 1/2-1/2

[Event "38th Greek Team Championship"]
[Site "Olympic Boxing Center, Periste"]
[Date "2010.07.06"]
[Round "2.4"]
[White "Pitselis, Grigorios"]
[Black "Parginos, Vassilios"]
[Result "0-1"]
[WhiteElo "2150"]
[BlackElo "2227"]
[PlyCount "130"]
[EventDate "2010.07.05"]
[WhiteTeam "ESKA"]
[BlackTeam "SO IRAKLIOU"]

1. d4 d5 2. c4 e6 3. Nf3 a6 4. cxd5 exd5 5. Bf4 c6 6. Qc2 Bd6 7. Bxd6 Qxd6 8.
e3 Nf6 9. Bd3 Bg4 10. Ne5 Bh5 11. f4 Ng4 12. h3 Qb4+ 13. Qd2 Qxd2+ 14. Nxd2
Nxe5 15. dxe5 f6 16. e6 Ke7 17. f5 c5 18. g4 Be8 19. Rc1 c4 20. Be2 b5 21. Bf3
Bc6 22. Kf2 Rd8 23. Rhd1 Ra7 24. Nb1 b4 25. Rd4 Rc7 26. b3 Bb5 27. Rxd5 Rxd5
28. Bxd5 c3 29. a3 a5 30. Be4 Rc5 31. Bc2 Rd5 32. e4 Rd8 33. Ke3 Nc6 34. Rd1
Rxd1 35. Bxd1 Kd6 36. axb4 axb4 37. Bc2 Kc5 38. Bd3 h6 39. h4 Bxd3 40. Kxd3
Ne5+ 41. Kc2 Kd6 42. Nxc3 bxc3 43. Kxc3 Nxg4 44. b4 h5 45. b5 Ne5 46. Kd4 g6
47. Kc3 gxf5 48. exf5 Nf3 49. b6 Ne5 50. Kb4 Nc6+ 51. Kb5 Nb8 52. Kb4 Kc6 53.
Ka5 Kc5 54. Ka4 Nc6 55. b7 Kd6 56. Kb5 Kc7 57. Kc5 Ne7 58. b8=Q+ Kxb8 59. Kd6
Nxf5+ 60. Kd7 Ng7 61. e7 f5 62. Kd6 f4 63. Ke5 f3 64. Kf6 Ne8+ 65. Kf7 Nc7 0-1

[Event "38th Greek Team Championship"]
[Site "Olympic Boxing Center, Periste"]
[Date "2010.07.06"]
[Round "2.4"]
[White "Polizou, Hristina"]
[Black "Markantonaki, Haritomeni"]
[Result "0-1"]
[WhiteElo "1919"]
[BlackElo "2129"]
[PlyCount "128"]
[EventDate "2010.07.05"]
[WhiteTeam "ESKA"]
[BlackTeam "SO IRAKLIOU"]

1. Nf3 Nf6 2. c4 b6 3. d4 e6 4. Bg5 Bb7 5. Nbd2 c5 6. e3 h6 7. Bh4 Be7 8. Bg3
O-O 9. Be2 cxd4 10. exd4 d5 11. O-O Nc6 12. Ne5 Nxd4 13. cxd5 Qxd5 14. Bf3
Nxf3+ 15. Qxf3 Rfd8 16. Rfd1 Qxf3 17. Nexf3 Rac8 18. Ne1 Nd5 19. Ndf3 Bd6 20.
Rac1 Rxc1 21. Rxc1 Nf4 22. Rc2 Ba6 23. Rd2 Ne2+ 24. Kh1 Nxg3+ 25. hxg3 f6 26.
Nc2 Kf7 27. Ne3 h5 28. b3 g5 29. Rd4 Bb5 30. Nc4 Bxc4 31. Rxc4 Bc5 32. Rc2 Kg6
33. Kh2 e5 34. Re2 Rd1 35. Nd2 Bb4 36. Nc4 b5 37. Ne3 Rc1 38. Nd5 Bc5 39. b4
Bd4 40. f3 Bg1+ 41. Kh1 h4 42. Ne7+ Kf7 43. Nf5 hxg3 44. Nxg3 Kg6 45. Ne4 f5
46. Nd2 Bd4+ 47. Kh2 Rc8 48. g4 fxg4 49. fxg4 Rc2 50. Rg2 Rxa2 51. Ne4 Rb2 52.
Rxb2 Bxb2 53. Nc5 Bc3 54. Na6 e4 55. Kg2 Kf7 56. Kf2 Bd4+ 57. Ke2 Bb6 58. Nb8
Ke6 59. Na6 Kd6 60. Nb8 Kc7 61. Na6+ Kb7 62. Nc5+ Bxc5 63. bxc5 b4 64. Kd2 Kc6
0-1

[Event "38th Greek Team Championship"]
[Site "Olympic Boxing Center, Periste"]
[Date "2010.07.06"]
[Round "2.5"]
[White "Moradiabadi, Elshan"]
[Black "Balogh, Csaba"]
[Result "0-1"]
[WhiteElo "2571"]
[BlackElo "2628"]
[PlyCount "80"]
[EventDate "2010.07.05"]
[WhiteTeam "SO KALLITHEAS"]
[BlackTeam "FON IRAKLIOU"]

1. d4 d5 2. c4 c6 3. Nf3 Nf6 4. e3 Bf5 5. Nc3 e6 6. Nh4 Be4 7. f3 Bg6 8. Qb3
Qc7 9. Bd2 Be7 10. O-O-O dxc4 11. Qxc4 Nbd7 12. g4 Nd5 13. Nxg6 hxg6 14. Qe2
Bb4 15. Nxd5 Bxd2+ 16. Rxd2 exd5 17. e4 dxe4 18. Qxe4+ Kf8 19. Qc2 Re8 20. Bc4
Qf4 21. Kb1 Nf6 22. Rf1 Rh3 23. Qc3 b5 24. g5 Qxg5 25. Bb3 a5 26. Qxa5 Nd5 27.
Bxd5 Qxd5 28. Qc3 Kg8 29. Rdf2 Ra8 30. a3 Ra4 31. Rd1 Rc4 32. Qe3 b4 33. a4 b3
34. a5 Qf5+ 35. Rd3 Ra4 36. Kc1 Ra1+ 37. Kd2 Qxa5+ 38. Rc3 Rb1 39. Kd3 Qf5+ 40.
Qe4 Qb5+ 0-1

[Event "38th Greek Team Championship"]
[Site "Olympic Boxing Center, Periste"]
[Date "2010.07.06"]
[Round "2.5"]
[White "Managadze, Nikoloz"]
[Black "Gesos, Pavlos"]
[Result "1-0"]
[WhiteElo "2461"]
[BlackElo "2329"]
[PlyCount "65"]
[EventDate "2010.07.05"]
[WhiteTeam "FON IRAKLIOU"]
[BlackTeam "SO KALLITHEAS"]

1. d4 Nf6 2. g3 g6 3. Bg2 Bg7 4. e4 O-O 5. Ne2 d6 6. O-O e5 7. Nbc3 c6 8. a4 a5
9. h3 Nbd7 10. Be3 Qc7 11. Qd2 Re8 12. Rad1 b6 13. g4 Ba6 14. Rfe1 Rad8 15. Ng3
Nf8 16. g5 N6d7 17. d5 Nc5 18. h4 Bb7 19. h5 cxd5 20. exd5 Bc8 21. h6 Bh8 22.
Nge4 Bf5 23. Nb5 Qb8 24. Bxc5 dxc5 25. Qe3 Bxe4 26. Bxe4 f5 27. gxf6 Bxf6 28.
d6 Ne6 29. Bc6 Nd4 30. Bxe8 Rxe8 31. Nxd4 cxd4 32. Rxd4 Rd8 33. Qb3+ 1-0

[Event "38th Greek Team Championship"]
[Site "Olympic Boxing Center, Periste"]
[Date "2010.07.06"]
[Round "2.5"]
[White "Aggelis, Nikolaos"]
[Black "Kourousis, Epaminondas"]
[Result "1/2-1/2"]
[WhiteElo "2340"]
[BlackElo "2229"]
[PlyCount "52"]
[EventDate "2010.07.05"]
[WhiteTeam "SO KALLITHEAS"]
[BlackTeam "FON IRAKLIOU"]

1. d4 Nf6 2. g3 d5 3. Bg2 Bf5 4. Nf3 c6 5. O-O e6 6. Nbd2 Nbd7 7. c4 h6 8. b3
Be7 9. Bb2 O-O 10. Ne5 a5 11. a3 Nxe5 12. dxe5 Nd7 13. e4 dxe4 14. Nxe4 Nc5 15.
Qe2 Bxe4 16. Bxe4 Nxe4 17. Qxe4 Qb6 18. Qc2 Bc5 19. Rad1 Rfd8 20. Kg2 Bd4 21.
Bxd4 Rxd4 22. Qc3 c5 23. a4 Rad8 24. Rxd4 Rxd4 25. Qf3 Qc7 26. Re1 Qc6 1/2-1/2

[Event "38th Greek Team Championship"]
[Site "Olympic Boxing Center, Periste"]
[Date "2010.07.06"]
[Round "2.5"]
[White "Azis, Azizis Ektoras"]
[Black "Kofidis, Spyridon"]
[Result "1/2-1/2"]
[WhiteElo "2120"]
[BlackElo "2217"]
[PlyCount "145"]
[EventDate "2010.07.05"]
[WhiteTeam "FON IRAKLIOU"]
[BlackTeam "SO KALLITHEAS"]

1. d4 d5 2. Nf3 Nf6 3. g3 e6 4. Bg2 Nbd7 5. O-O Be7 6. c4 c6 7. Nbd2 O-O 8. Qc2
b6 9. e4 Bb7 10. e5 Ne8 11. cxd5 cxd5 12. Nb3 a5 13. Be3 Ba6 14. Rfc1 Rc8 15.
Qd1 Nc7 16. Bf1 Nb8 17. Rc2 Qd7 18. Rac1 Bxf1 19. Qxf1 Nca6 20. Rxc8 Rxc8 21.
Rxc8+ Qxc8 22. Qb5 Qc6 23. Qxc6 Nxc6 24. a4 f6 25. Kf1 Kf7 26. exf6 gxf6 27.
Ke2 Bd6 28. Nc1 Nab4 29. Kd2 Bc7 30. Nd3 Nxd3 31. Kxd3 h5 32. Nh4 e5 33. Ng2
Ke6 34. h3 Ne7 35. Nh4 e4+ 36. Kc3 Bd6 37. b3 Nc6 38. Ng2 Bb4+ 39. Kc2 Bd6 40.
Kd2 Bb4+ 41. Kc2 Bd6 42. Kc3 Ne7 43. Nf4+ Bxf4 44. Bxf4 Kd7 45. Bc1 Nf5 46. Bf4
Kc6 47. Bc1 b5 48. axb5+ Kxb5 49. Ba3 e3 50. fxe3 Nxg3 51. Be7 Ne4+ 52. Kb2 a4
53. bxa4+ Kxa4 54. Kc2 Kb5 55. Kd3 Kc6 56. Ke2 Kd7 57. Bf8 Ke6 58. Bh6 Kf5 59.
Bf4 h4 60. Kf3 Nd2+ 61. Ke2 Nc4 62. Kf3 Na5 63. Bd6 Nc6 64. Bc7 Ne7 65. Ba5 Nc6
66. Be1 Kg5 67. Bf2 f5 68. Be1 Nd8 69. Bxh4+ Kxh4 70. Kf4 Kxh3 71. Kxf5 Kg3 72.
e4 dxe4 73. Kxe4 1/2-1/2

[Event "38th Greek Team Championship"]
[Site "Olympic Boxing Center, Periste"]
[Date "2010.07.06"]
[Round "2.5"]
[White "Hrisanthopoulos, Dimitrios"]
[Black "Papadopoulos, Nikolaos"]
[Result "0-1"]
[WhiteElo "2095"]
[BlackElo "2105"]
[PlyCount "58"]
[EventDate "2010.07.05"]
[WhiteTeam "SO KALLITHEAS"]
[BlackTeam "FON IRAKLIOU"]

1. e4 c5 2. Nf3 d6 3. d4 cxd4 4. Nxd4 Nf6 5. Nc3 g6 6. Be3 Bg7 7. f3 Nc6 8. Qd2
O-O 9. Bc4 Bd7 10. Bb3 Rc8 11. g4 Ne5 12. h4 h5 13. g5 Nh7 14. O-O-O Nc4 15.
Bxc4 Rxc4 16. Qd3 Rc8 17. f4 Bg4 18. Rdf1 Re8 19. f5 Be5 20. Nf3 Bxc3 21. bxc3
Qa5 22. fxg6 fxg6 23. Kd2 Nf8 24. Nd4 Nd7 25. Nb3 Qe5 26. Bxa7 b6 27. Qd4 Rc7
28. Qd5+ Qxd5+ 29. exd5 Rxa7 0-1

[Event "38th Greek Team Championship"]
[Site "Olympic Boxing Center, Periste"]
[Date "2010.07.06"]
[Round "2.5"]
[White "Paganoglou, Anastasia"]
[Black "Stefanidi, Maria-Anna"]
[Result "0-1"]
[WhiteElo "1974"]
[BlackElo "2092"]
[PlyCount "144"]
[EventDate "2010.07.05"]
[WhiteTeam "FON IRAKLIOU"]
[BlackTeam "SO KALLITHEAS"]

1. e4 c5 2. Nf3 d6 3. d4 cxd4 4. Nxd4 Nf6 5. Nc3 g6 6. Be3 Bg7 7. Be2 O-O 8.
Qd2 Nc6 9. O-O-O Bd7 10. h4 Qa5 11. Nb3 Qc7 12. h5 Rfc8 13. hxg6 fxg6 14. Nd5
Qd8 15. Nxf6+ Bxf6 16. Bc4+ e6 17. Qxd6 Nd4 18. Rxd4 Bxd4 19. Bxe6+ Bxe6 20.
Qxe6+ Kf8 21. Rxh7 Bxe3+ 22. fxe3 Rxc2+ 23. Kxc2 Rc8+ 24. Qxc8 Qxc8+ 25. Kd3
Kg8 26. Rh1 Qg4 27. Rc1 Qxg2 28. Rc2 Qf1+ 29. Kd4 g5 30. e5 g4 31. Rc8+ Kf7 32.
Rc7+ Ke8 33. Nc5 Qd1+ 34. Ke4 Qf3+ 35. Kd4 b6 36. Rc8+ Ke7 37. Rc7+ Ke8 38.
Rc8+ Kf7 39. e6+ Ke7 40. Ne4 Qe2 41. Ke5 Qxb2+ 42. Kf5 Qb5+ 43. Kxg4 Kxe6 44.
Rf8 Qe2+ 45. Rf3 Qxa2 46. Rf6+ Ke5 47. Rf4 Qg8+ 48. Ng5 Qc8+ 49. Kf3 Qc6+ 50.
Kg3 a5 51. Nf3+ Kd5 52. Rf5+ Ke4 53. Re5+ Kd3 54. Rxa5 Kxe3 55. Re5+ Kd3 56.
Ne1+ Kd4 57. Nf3+ Kc3 58. Re3+ Kb4 59. Rb3+ Ka4 60. Re3 b5 61. Re1 Qd6+ 62. Kf2
b4 63. Ke2 Kb3 64. Rd1 Qe6+ 65. Kf2 Qf5 66. Ke3 Kb2 67. Rd2+ Kc1 68. Rd4 Qe6+
69. Kd3 Qb3+ 70. Ke2 Qc2+ 71. Nd2 Qd1+ 72. Ke3 Qe1+ 0-1

[Event "38th Greek Team Championship"]
[Site "Olympic Boxing Center, Periste"]
[Date "2010.07.06"]
[Round "2.6"]
[White "Nielsen, Peter Heine"]
[Black "Sjugirov, Sanan"]
[Result "1/2-1/2"]
[WhiteElo "2700"]
[BlackElo "2610"]
[PlyCount "66"]
[EventDate "2010.07.05"]
[WhiteTeam "AEK"]
[BlackTeam "EES KORYDALLOU"]

1. d4 d5 2. c4 c6 3. Nf3 Nf6 4. Nc3 e6 5. Bg5 dxc4 6. e4 b5 7. e5 h6 8. Bh4 g5
9. Nxg5 hxg5 10. Bxg5 Nbd7 11. g3 Bb7 12. Bg2 Qb6 13. exf6 O-O-O 14. O-O c5 15.
d5 b4 16. Rb1 Qa6 17. dxe6 Bxg2 18. e7 Bxf1 19. Kxf1 Qc6 20. exd8=Q+ Kxd8 21.
Nd5 Rxh2 22. Kg1 Rh8 23. Rc1 Bd6 24. Bh4 Be5 25. Ne7 Qd6 26. Qxd6 Bxd6 27. Rxc4
Ne5 28. Rc1 Nf3+ 29. Kg2 Nxh4+ 30. gxh4 Kd7 31. Nf5 Be5 32. Rxc5 Bxb2 33. Ra5
Bxf6 1/2-1/2

[Event "38th Greek Team Championship"]
[Site "Olympic Boxing Center, Periste"]
[Date "2010.07.06"]
[Round "2.6"]
[White "Ragger, Markus"]
[Black "Cmilyte, Viktorija"]
[Result "1-0"]
[WhiteElo "2614"]
[BlackElo "2527"]
[PlyCount "61"]
[EventDate "2010.07.05"]
[WhiteTeam "EES KORYDALLOU"]
[BlackTeam "AEK"]

1. Nf3 Nf6 2. c4 g6 3. Nc3 d5 4. cxd5 Nxd5 5. g3 Bg7 6. Bg2 O-O 7. O-O c5 8.
Nxd5 Qxd5 9. d4 cxd4 10. Be3 Nc6 11. Nxd4 Qh5 12. Nxc6 bxc6 13. Rc1 Bg4 14. f3
Be6 15. Rc5 Bd5 16. Bf2 f5 17. Qc2 e5 18. e4 fxe4 19. fxe4 Be6 20. Rxc6 Bg4 21.
Rc7 a6 22. Bc5 Rxf1+ 23. Bxf1 Kh8 24. Qb3 Qh6 25. Be3 g5 26. Qb7 Rd8 27. Qxa6
Qh5 28. Ra7 Bc8 29. Qe2 Bg4 30. Qc4 Rf8 31. Qc3 1-0

[Event "38th Greek Team Championship"]
[Site "Olympic Boxing Center, Periste"]
[Date "2010.07.06"]
[Round "2.6"]
[White "Moutousis, Konstantinos"]
[Black "Tsiamis, Konstantinos"]
[Result "1/2-1/2"]
[WhiteElo "2450"]
[BlackElo "2290"]
[PlyCount "34"]
[EventDate "2010.07.05"]
[WhiteTeam "AEK"]
[BlackTeam "EES KORYDALLOU"]

1. d4 d5 2. c4 c6 3. Nf3 e6 4. Nbd2 f5 5. g3 Nd7 6. Qc2 Ngf6 7. Bg2 Bd6 8. b3
O-O 9. O-O Qe7 10. Bb2 b6 11. Ne5 Bb7 12. Ndf3 Rac8 13. e3 c5 14. Qe2 Kh8 15.
Kh1 Kg8 16. Kg1 Kh8 17. Kh1 Kg8 1/2-1/2